00631nam a22002057a 4500003000500000005001700005008004100022010001000063011001000073035001000083040000900093100003300102245009300135260004000228300001000268502007500278650002700353650002800380650001700408CHAP20220329140926.0971013s1996 r 00010 d a59887 a60859 a65022 cCHAP00aTovar Hernández, Gildardo. aEstimación ultrasónica del espesor de grasa dorsal en bovinos cruzados con simmental aChapingo, Méx. :bEl autor,c1996 a58 h. aTesis (Ing. Agr. Esp. en Zootecnia) -- UACH. Departamento de Zootecnia14aCarne de res en canal.14aGanado vacunoxEngorda.14aUltrasonido.